Slovenský bankový sektor nová tvár a nové výzvy (z dokumentu White Book Slovakia 2001)

Pokračovanie z č. 4/2002. Právne prostredie v bankovom sektore. Kontrola a dohľad vo finančnom sektore SR. Regulačné smernice. Všeobecná legislatíva. Oblasti súvisiace s bankovým podnikaním.

Salvato in:
Dettagli Bibliografici
Autore principale: Pilková, Anna
Altri autori: Pätoprstý, Viliam
Natura: Capitolo di libro
Lingua:slovacco
Soggetti:
Tags: Aggiungi Tag
Nessun Tag, puoi essere il primo ad aggiungerne!!

MARC

LEADER 00000naa a2200000 4500
001 r045260
005 20221220115414.4
041 0 |a slo 
044 |a SK 
245 1 0 |a Slovenský bankový sektor  |b nová tvár a nové výzvy (z dokumentu White Book Slovakia 2001)  |c Anna Pilková, Viliam Pätoprstý 
520 |a Pokračovanie z č. 4/2002. Právne prostredie v bankovom sektore. Kontrola a dohľad vo finančnom sektore SR. Regulačné smernice. Všeobecná legislatíva. Oblasti súvisiace s bankovým podnikaním. 
610 2 0 |a bankovníctvo 
610 2 0 |a Slovensko 
610 2 0 |a Európska únia 
610 2 0 |a banky 
610 2 0 |a reštrukturalizácia 
610 2 0 |a predpisy právne 
610 2 0 |a regulácia 
610 2 0 |a dohľad bankový 
610 2 0 |a primeranosť kapitálová 
610 2 0 |a riziko bankové 
610 2 0 |a legislatíva 
610 2 0 |a riadenie podnikové 
610 2 0 |a podnikanie 
100 1 |a Pilková, Anna 
700 1 |a Pätoprstý, Viliam